Представление документа в формате RUSMARC

ПолеНазваниеЗначение
  Тип записи a
  Библиографический уровень a
001 Контрольный номер RU/CBS_UL/BASE/cea75289e646473f8ca17d86cab6c080
005 Дата корректировки 20260415142025.3
100 Данные общей обработки __
a Данные общей обработки 20260415 ||| 0rusy0189 ca
101 Язык документа 0_
a Язык текста rus
102 Страна публикации __
a Страна публикации RU
200 Заглавие и сведения об ответственности 1_
a Заглавие Александр II. Семь смертей императора
e Сведения, относящиеся к заглавию [об императоре Александре II, который вошёл в историю как один из самых деятельных государей]
f Первые сведения об ответственности Ю. Голубева
461 Уровень набора _0
1 2000
a Дарья. Биография
463 Уровень физической единицы _0
1 001RU/CBS_UL/BASE/8a545d0a4e7c449cbd5f34bb5f136998
1 2000
a № 3
v С.
1 210
d 2026
606 Тематические рубрики 0_
a Основная рубрика Александр II (император российский; 1818-1881)
610 Ключевые слова 0_
a Ключевые слова императоры, императоры русские, русские императоры, цари, династия Романовых, покушения на императоров, деятельность императоров
686 Индексы других классификаций __
2 Код системы rubbk
a Классификационный индекс 63.3(2)522-8
700 Автор _1
a Фамилия Голубева
b Имя (инициалы) Ю.
801 Источник записи _0
a Страна RU
b Организация МБУК ЦБС г. Ульяновска
c Дата составления 20260415
g Правила каталогизации RCR
801 Источник записи _1
a Страна RU
b Организация МБУК ЦБС г. Ульяновска
c Дата составления 20260415
g Правила каталогизации RCR
901 Тип документа __
t Тип документа b
w Контрольный № источника RU/CBS_UL/BASE/8a545d0a4e7c449cbd5f34bb5f136998
909 Создатель записи __
a Создатель записи lib1